La Filosofía en sus textos / (Record no. 63887)

MARC details
000 -LEADER
campo de control de longitud fija 00539nam a2200169 i 4500
001 - NÚMERO DE CONTROL
campo de control 63887
003 - IDENTIFICADOR DE NÚMERO DE CONTROL
campo de control ES-MaACL
005 - FECHA Y HORA DE LA ÚLTIMA TRANSACCIÓN
campo de control 20231212062546.0
007 - CAMPO FIJO DE DESCRIPCIÓN FÍSICA--INFORMACIÓN GENERAL
campo de control de longitud fija t|
008 - DATOS DE LONGITUD FIJA--INFORMACIÓN GENERAL
campo de control de longitud fija 031217s1950 sp ||||1| spa d
245 03 - MENCIÓN DEL TÍTULO
Título La Filosofía en sus textos /
Mención de responsabilidad, etc. selección, comentarios e introducciones por Julián Marías.
260 ## - PUBLICACIÓN, DISTRIBUCIÓN, ETC.
Lugar de publicación, distribución, etc. Barcelona :
Nombre del editor, distribuidor, etc. Labor,
Fecha de publicación, distribución, etc. 1950 (
Fabricante Tall. Graf. Ibero-Americanos)
300 ## - DESCRIPCIÓN FÍSICA
Extensión 2 v. ;
Dimensiones 23 cm.
700 1# - ENTRADA AGREGADA--NOMBRE PERSONAL
Nombre de persona Marías, Julián,
Fechas asociadas al nombre 1914-2005
9 (RLIN) 76688
852 ## - LOCALIZACIÓN
Ubicación ES-MaACL
Número de control de estantería B-1881-82
Sublocalización o colección R.29388
Holdings
Estatus retirado Estado de pérdida Estado de daño No para préstamo Biblioteca de origen Biblioteca actual Ubicación en estantería Fecha de adquisición Fuente de adquisición Total de préstamos Signatura topográfica completa Código de barras Visto por última vez Precio de reemplazo Tipo de ítem Koha
        Biblioteca del Ateneo de Madrid Biblioteca del Ateneo de Madrid Sala Pardo Bazán 17/01/2008     B-1881-82 1066955 23/02/2023 23/02/2023 Libro impreso